000 01216nam a2200265Ia 4500
003 OSt
005 20220923211641.0
006 a|||||r|||| 00| 0
007 ta
008 220922b |||||||| |||| 00| 0 hin d
024 _a39,578
037 _cTextual
040 _aARTS
_cARTS
_bhin
041 _2hin
_ahin
082 _aO15:gxH35,1, 152L0-;5-;7 (TTPS)
100 _aसिंह, सत्यव्रत, व्या; त्रिपाठी, कमलापति
_9161210
245 0 _aसाहित्यदर्पणः सविमर्श शशिकला हिन्दीव्याख्योपेतः
246 _aSāhityadarpaṇah savimarsha shashikalā hindīvyākhyopetah
260 _aवाराणसी
_b चौखम्बा विधाभवन
_c1976
300 _a803पृ.
_ccm.
490 _aविधाभवन संस्कृत ग्रन्थमाला; 29
650 _aहिन्दी साहित्य
_9156264
942 _hO15:gxH35,1, 152L0-;5-;7 (TTPS)
_cTEXL
_2CC
999 _c302127
_d302127